000 00692nam a2200193 i 4500
001 112102
003 ES-MaACL
005 20230906185437.0
007 t|
008 061121s1982 sp r ||||1| spa d
100 1 _aNavarro Mota, Diego.
_985153
245 1 0 _aSesión inaugural del curso 1982 a 1983 /
_cdiscursos leídos por Diego Navarro Mora y Antonio Orozco Acuaviva.
260 _aCádiz :
_b[s.n],
_c1982 (
_fImp. Ingrasa)
300 _a61 p. con 9 lám. ;
_c22 cm.
594 _aPrecede al tít.: Ateneo de Cádiz.
700 1 _aOrozco Acuaviva, Antonio.
_987340
710 2 _aAteneo Literario, Artístico y Científico de Cádiz.
_9148715
852 _aES-MaACL
_jL-5488
_bR.105560
999 _c112102
_d112102